O podobách verejnej správy
"Verejná správa" je typický polysémický pojem. Hoci verejná správa je jednou zo základných súčastí verejnej moci i ústredným pojmom správneho (administratívneho) práva - vzhľadom, na charakter tohto fenoménu - je definične právne (a nielen právne) "neuchopiteľný."
Saved in:
| Main Author: | |
|---|---|
| Format: | Book Chapter |
| Language: | Slovak |
| Subjects: | |
| Tags: |
No Tags, Be the first to tag this record!
|
MARC
| LEADER | 00000naa a2200000 4500 | ||
|---|---|---|---|
| 001 | 0298913 | ||
| 005 | 20240130101553.6 | ||
| 041 | 0 | |a slo | |
| 044 | |a SK | ||
| 245 | 1 | 0 | |a O podobách verejnej správy |c Peter Kukliš |
| 520 | |a "Verejná správa" je typický polysémický pojem. Hoci verejná správa je jednou zo základných súčastí verejnej moci i ústredným pojmom správneho (administratívneho) práva - vzhľadom, na charakter tohto fenoménu - je definične právne (a nielen právne) "neuchopiteľný." | ||
| 610 | 2 | 0 | |a správa verejná |
| 610 | 2 | 0 | |a pojmy |
| 610 | 2 | 0 | |a moc verejná |
| 610 | 2 | 0 | |a reformy |
| 610 | 2 | 0 | |a právo správne |
| 100 | 1 | |a Kukliš, Peter | |